000 00359cam a22001337a 4500
008 180718b1958 xxu||||| |||| 00| 0 eng d
082 _aL2312 So13
100 _aSociety of residentiol appraisers
245 _aAppraisal guide
_cby society of residention appraisers
250 _a5
260 _aChicago
_b
_c1958
300 _a56p.
650 _aAssessed values
999 _c502542
_d502542